000 00548nam a22001817a 4500
005 20260423125217.0
008 260423b |||||||| |||| 00| 0 eng d
037 _cDSWL
040 _aDSWL
_cDSWL
041 _heng
084 _aY5927.2 Q8
245 _aDalit Issues: Caste and Class Interface
260 _aJaipur,
_bRawat Publication,
_c2018
300 _a219p
365 _aINR
_b895
942 _2CC
_cTEXL
_hY5927.2 Q8
_n0
999 _c1848422
_d1848422